• 首页
  • 本馆介绍
  • 公告通知
  • 最新文献
  • 馆藏检索
  • 电子资源
  • 读者导购
  • 参考咨询
  • 我的图书馆
  • 登录
  • 详细信息显示
  • 放入我的书架
  • 预约/预借图书
  • 作者相关作品
  • 分类相关作品
  • 丛书相关作品
  • 出版社相关作品

书目信息

  • 表格格式
  • 工作单格式
  • 卡片格式
题名:
盛唐气象
    
 
作者: 宋昌斌 著
分册:  
出版信息: 广州   广东人民出版社  2021
页数: 273页
开本: 21cm
丛书名: 爱上历史丛书
单 册:
中图分类: K241.07
科图分类:
主题词: 史评--中国--隋唐时代
电子资源:
ISBN: 978-7-218-14672-0
000 01042nam0 2200265 450
001 011420372
005 20210923132006.0
010    @a978-7-218-14672-0@dCNY58.00
100    @a20210923d2021 em y0chiy0120 ea
101 0  @achi
102    @aCN@b440000
105    @ay z 000yy
106    @ar
200 1  @a盛唐气象@9sheng tang qi xiang@e封建社会的鼎盛@f宋昌斌著
210    @a广州@c广东人民出版社@d2021
215    @a273页@d21cm
225 1  @a爱上历史丛书
300    @a拿起就放不下的中国通史私教课·唐
330    @a本书从隋唐历史长河中选取了若干节点,通过对隋炀帝、唐太宗、武则天等人们熟知的历史人物的重点介绍,对“贞观之治”“元和中兴”等封建治世的精当评述,以及对“玄武门之变”“安史之乱”等重大历史事件的深入剖析,对均田制、府兵制、科举制等典章制度发展沿革的全面探讨,从不同侧面勾勒出了一幅宏大的“盛唐气象”的画卷。
461  0 @12001 @a爱上历史丛书
606 0  @a史评@y中国@z隋唐时代
690    @aK241.07@v5
701  0 @a宋昌斌@9song chang bin@f(1956-)@4著
801  0 @aCN@bBJXHZP@c20230228
905    @b1399835-8@dK241.07@e24@f4
    
    盛唐气象:封建社会的鼎盛/宋昌斌著.-广州:广东人民出版社,2021
    273页;21cm.-(爱上历史丛书)
    拿起就放不下的中国通史私教课·唐
    
    ISBN 978-7-218-14672-0:CNY58.00
    本书从隋唐历史长河中选取了若干节点,通过对隋炀帝、唐太宗、武则天等人们熟知的历史人物的重点介绍,对“贞观之治”“元和中兴”等封建治世的精当评述,以及对“玄武门之变”“安史之乱”等重大历史事件的深入剖析,对均田制、府兵制、科举制等典章制度发展沿革的全面探讨,从不同侧面勾勒出了一幅宏大的“盛唐气象”的画卷。
●
相关链接 在E读中查询图书 在五车中查询图书 在当当中查询图书 在豆瓣中查询图书


正题名:盛唐气象     索取号:K241.07/24         预约/预借

序号 登录号 条形码 馆藏地/架位号 状态 备注
1 1399835   213998352   第二样本阅览室/ [索取号:K241.07/24] 在馆    
2 1399836   213998361   第二借阅区/ [索取号:K241.07/24] 在馆    
3 1399837   213998370   第二借阅区/ [索取号:K241.07/24] 在馆    
4 1399838   213998389   第二借阅区/ [索取号:K241.07/24] 在馆    
唐山师范学院图书馆 欢迎您!
大连网信软件有限公司© 版权所有